ბათუმის შოთა რუსთაველის სახელმწიფო უნივერსიტეტის ბიბლიოთეკა

რჩეული თხზულებანი: ორ ტომად. ტ:2 (ბიბ.ჩანაწერი № 42444)

000 -LEADER
fixed length control field 00822nam a2200229Ia 4500
001 - CONTROL NUMBER
control field 9140
003 - CONTROL NUMBER IDENTIFIER
control field GE_BSU
008 - FIXED-LENGTH DATA ELEMENTS--GENERAL INFORMATION
fixed length control field 181216s||||||||xx |||||||||||||| ||und||
040 ## - CATALOGING SOURCE
Transcribing agency GE_BSU
080 ## - UNIVERSAL DECIMAL CLASSIFICATION NUMBER
Universal Decimal Classification number 821.353.1-31+821.353.1-32
100 ## - MAIN ENTRY--PERSONAL NAME
Personal name ლორია,პარმენ
245 ## - TITLE STATEMENT
Title რჩეული თხზულებანი: ორ ტომად. ტ:2
245 ## - TITLE STATEMENT
Remainder of title ტ:2:დაზგიდან დაზგამდე;მისი ნაამბობი
245 ## - TITLE STATEMENT
Statement of responsibility, etc. რედ:გ.მოისწრაფიშვილი;მხატვ:გ.ხოჯაშვილი
260 ## - PUBLICATION, DISTRIBUTION, ETC.
Place of publication, distribution, etc. ბათუმი.
260 ## - PUBLICATION, DISTRIBUTION, ETC.
Name of publisher, distributor, etc. საბჭ.აჭარა.
260 ## - PUBLICATION, DISTRIBUTION, ETC.
Date of publication, distribution, etc. 1971
300 ## - PHYSICAL DESCRIPTION
Extent 477გვ;22სმ.
653 ## - INDEX TERM--UNCONTROLLED
Uncontrolled term მოთხრობა
653 ## - INDEX TERM--UNCONTROLLED
Uncontrolled term რომანი
942 ## - ADDED ENTRY ELEMENTS (KOHA)
Koha item type წიგნი
ეგზემპლარები
Withdrawn status Lost status Damaged status Not for loan Date acquired Barcode Date last seen Price effective from Koha item type Public note
        2018-12-17 31912 2018-12-17 2018-12-17 წიგნი  
        2018-12-17 31913 2018-12-17 2018-12-17 წიგნი  
        2018-12-17 31914 2018-12-17 2018-12-17 წიგნი  
        2018-12-17 41186 2018-12-17 2018-12-17 წიგნი აგრარული ტექ.ფაკ.
        2018-12-17 41187 2018-12-17 2018-12-17 წიგნი აგრარული ტექ.ფაკ.
        2018-12-17 41188 2018-12-17 2018-12-17 წიგნი აგრარული ტექ.ფაკ.